MARC

Tag First Indicator Second Indicator Subfields
LEADER 00000cam a2200000Ii 4500
001 in00003607204
005 20170928112735.0
008 150723s2015 nyu 000 0 eng d
010 |a  2015945495 
020 |a 0823270785  |q (paperback) 
020 |a 9780823270781  |q (paperback) 
024 8 |a 40025817892 
035 |a (OCoLC)ocn914326211 
035 |a (OCoLC)914326211 
040 |a YDXCP  |b eng  |e rda  |c YDXCP  |d BTCTA  |d BDX  |d OCLCQ  |d VYF  |d OCLCF  |d NYP  |d UtOrBLW 
043 |a f-sj---  |a f-sd--- 
049 |a TXAM 
050 0 4 |a DT157.673  |b .D46 2015 
082 0 4 |a 962.4043  |2 23 
100 1 |a Deng, Francis Mading,  |d 1938-  |e author.  |0 http://id.loc.gov/authorities/names/n50035922 
245 1 0 |a Bound by conflict :  |b dilemmas of the two Sudans /  |c Francis M. Deng in collaboration with Daniel J. Deng. 
250 |a First edition. 
264 1 |a New York :  |b The Center for International Humanitarian Cooperation :  |b The Institute of International Humanitarian Affairs, Fordham University,  |c 2015. 
300 |a xv, 207 pages ;  |c 23 cm 
336 |a text  |b txt  |2 rdacontent 
337 |a unmediated  |b n  |2 rdamedia 
338 |a volume  |b nc  |2 rdacarrier 
500 |a "Foreword by Kevin M. Cahill M.D."--front cover. 
651 0 |a South Sudan  |x Foreign relations  |z Sudan. 
651 0 |a Sudan  |x Foreign relations  |z South Sudan. 
651 0 |a South Sudan  |x Politics and government  |y 21st century. 
651 0 |a Sudan  |x Politics and government  |y 1985-  |0 http://id.loc.gov/authorities/subjects/sh91000814 
651 0 |a Sudan  |x History  |y Civil War, 1983-2005  |x Peace. 
651 0 |a Sudan  |x History  |y Darfur Conflict, 2003-  |0 http://id.loc.gov/authorities/subjects/sh2006006133 
650 0 |a Political stability  |z South Sudan. 
650 0 |a Political stability  |z Sudan. 
650 0 |a Self-determination, National  |z South Sudan. 
611 2 7 |a Civil War (Sudan : 1983-)  |2 fast  |0 (OCoLC)fst01352323 
611 0 7 |a Darfur Conflict (Sudan : 2003-)  |2 fast  |0 (OCoLC)fst01907490 
650 7 |a Diplomatic relations.  |2 fast  |0 (OCoLC)fst01907412 
650 7 |a Peace.  |2 fast  |0 (OCoLC)fst01055758 
650 7 |a Political stability.  |2 fast  |0 (OCoLC)fst01069883 
650 7 |a Politics and government.  |2 fast  |0 (OCoLC)fst01919741 
650 7 |a Self-determination, National.  |2 fast  |0 (OCoLC)fst01111610 
651 7 |a South Sudan.  |2 fast  |0 (OCoLC)fst01773109 
651 7 |a Sudan.  |2 fast  |0 (OCoLC)fst01204591 
648 7 |a Since 1985  |2 fast 
655 7 |a History.  |2 fast  |0 (OCoLC)fst01411628 
700 1 |a Deng, Daniel J.,  |e author.  |0 http://id.loc.gov/authorities/names/n2008027331 
700 1 |a Cahill, Kevin M.,  |e writer of foreword.  |0 http://id.loc.gov/authorities/names/n50032836 
938 |a Brodart  |b BROD  |n 113396228 
938 |a Baker and Taylor  |b BTCP  |n BK0017454405 
938 |a YBP Library Services  |b YANK  |n 12538943 
947 |a A14843380610 
945 |a PromptCat  |b 566560 
946 |a stk 
994 |a 92  |b TXA 
948 |a Cataloged  |b h  |c 2016/3/30  |d c  |e AReeder 
999 f f |s e20cfdf4-bdee-320a-a267-fe31b6814e4a  |i 0537d633-fec8-32c6-ab46-672c511fdba8  |t 0 
952 f f |p normal  |a Texas A&M University  |b College Station  |c Sterling C. Evans Library  |d Evans: Library Stacks  |t 0  |e DT157.673 .D46 2015  |h Library of Congress classification  |i unmediated -- volume  |m A14843380610 
998 f f |a DT157.673 .D46 2015  |t 0  |l Evans: Library Stacks